ბათუმის შოთა რუსთაველის სახელმწიფო უნივერსიტეტის ბიბლიოთეკა

ლაზური ტექსტები:ფოლკლორული მასალები (ბიბ.ჩანაწერი № 51554)

000 -LEADER
fixed length control field 01431nam a2200253Ia 4500
001 - CONTROL NUMBER
control field 18545
003 - CONTROL NUMBER IDENTIFIER
control field GE_BSU
008 - FIXED-LENGTH DATA ELEMENTS--GENERAL INFORMATION
fixed length control field 181216s||||||||xx |||||||||||||| ||und||
020 ## - INTERNATIONAL STANDARD BOOK NUMBER
International Standard Book Number 9789941462269
040 ## - CATALOGING SOURCE
Transcribing agency GE_BSU
080 ## - UNIVERSAL DECIMAL CLASSIFICATION NUMBER
Universal Decimal Classification number 811.353.31'282
100 ## - MAIN ENTRY--PERSONAL NAME
Personal name ნარაკიძე,ციალა
245 ## - TITLE STATEMENT
Title ლაზური ტექსტები:ფოლკლორული მასალები
245 ## - TITLE STATEMENT
Statement of responsibility, etc. რედ:თინა შიოშვილი
250 ## - EDITION STATEMENT
Edition statement ბათუმის შოთა რუსთაველის სახ.უნ-ტი, ნიკო ბერძენიშვილის ინ-ტი.
260 ## - PUBLICATION, DISTRIBUTION, ETC.
Place of publication, distribution, etc. ბათუმი.
260 ## - PUBLICATION, DISTRIBUTION, ETC.
Name of publisher, distributor, etc. შოთა რუსთაველის უნიტის გამ-ბა
260 ## - PUBLICATION, DISTRIBUTION, ETC.
Date of publication, distribution, etc. 2015
300 ## - PHYSICAL DESCRIPTION
Extent 249გვ;19სმ.
653 ## - INDEX TERM--UNCONTROLLED
Uncontrolled term ლაზური ტექსტები:ფოლკლორული მასალები
653 ## - INDEX TERM--UNCONTROLLED
Uncontrolled term წიგნში წარმოდგენილია ლაზური ზეპირსიტყვიერების ნიმუშები.ტექსტი ორ ნაწილად არის გაყოფილი.პირველ ნაწილში არის ლექსები,ანდაზები და გამოცანები.მეორეში ზღაპრები.
942 ## - ADDED ENTRY ELEMENTS (KOHA)
Koha item type წიგნი
ეგზემპლარები
Withdrawn status Lost status Damaged status Not for loan Date acquired Barcode Date last seen Price effective from Koha item type
        2018-12-17 47952 2018-12-17 2018-12-17 წიგნი
        2018-12-17 47953 2018-12-17 2018-12-17 წიგნი
        2018-12-17 47954 2018-12-17 2018-12-17 წიგნი
        2018-12-17 47955 2018-12-17 2018-12-17 წიგნი
        2018-12-17 47956 2018-12-17 2018-12-17 წიგნი